MARC

LEADER 00000nam0a2200000 4500
001 312632
005 20231102002514.0
035 |a (RuTPU)RU\TPU\book\338001 
090 |a 312632 
100 |a 20151225d1982 km y0rusy50 ca 
101 0 |a rus 
102 |a RU 
105 |a a z 001zy 
200 1 |a Очистка промышленных газов на углеобогатительных и брикетных фабриках  |f В. А. Филиппов 
210 |a Москва  |c Недра  |d 1982 
215 |a 181 с.  |c ил. 
320 |a Библиогр.: с. 174-175 
606 1 |a Углеобогатительные фабрики  |x Отходящие газы  |x Очистка  |2 stltpush  |3 (RuTPU)RU\TPU\subj\62388  |9 79468 
610 1 |a брикетные фабрики 
610 1 |a нормирование 
610 1 |a сушильные установки 
610 1 |a пылеулавливание 
610 1 |a пылеулавливающее оборудование 
610 1 |a эффективность 
610 1 |a свойства 
610 1 |a промышленная пыль 
610 1 |a сухое пылеулавливание 
610 1 |a мокрые пылеуловители 
610 1 |a расчет 
610 1 |a вспомогательное оборудование 
675 |a 622.7:628.5  |v 4 
700 1 |a Филиппов  |b В. А.  |g Владимир Алексеевич 
801 1 |a RU  |b 63413507  |c 20151225 
801 2 |a RU  |b 63413507  |c 20191111  |g RCR 
942 |c BK